Music Quiz

Random Music or Kpop Quiz

Name all the members of the groups I stan Quiz Stats

 Plays Quiz not verified by Sporcle

Support Sporcle.
Go Orange.
Score 0/215 Timer 20:00
1 Play Today
Hint Answer % Correct
SuperMJongin ❤️
98.6%
SeventeenChan
98%
EXOJongin ♡
98%
EXOJongdae ♡
97.5%
NCTMark
97.5%
iKONChanwoo
97.5%
GOT7Mark
97.5%
SuperMMark
97.2%
ATEEZSan ♡
97.1%
EXOKyungsoo
97%
BTSSeokjin
97%
SeventeenJunhui
96.4%
EXOBaekhyun
95.9%
Stray KidsJisung ❤️
95.9%
SuperMBaekhyun
95.9%
Stray KidsChan
95.4%
BTSJimin ❤️
95.4%
EXOYixing ♡
94.9%
BTSNamjoon
94.4%
BTSYoongi
94.4%
BTSJungkook ♡
94.4%
NCTYoungho
93.9%
NCTTaeyong ❤️
93.9%
NCTYukhei
93.9%
GOT7Jackson
93.9%
BTSHoseok
93.9%
BTSTaehyung ♡
93.9%
SuperMTaemin
93.8%
SuperMYukhei
93.8%
SHINeeTaemin
93.8%
EXOJunmyeon
93.4%
NCTChittaphon
93.4%
SuperMTaeyong ♡
93.1%
SuperMChittaphon
93.1%
EXOMinseok
92.9%
NCTSicheng
92.9%
Stray KidsFelix
92.9%
GOT7Jaebum ❤️
92.9%
EXOChanyeol ❤️
92.4%
NCTJisung ♡
92.4%
EXOSehun ♡
92.4%
Stray KidsMinho ♡
92.4%
GOT7Kunpimook
92.4%
Big BangJiyong ♡
91.9%
NCTYuta
91.4%
NCTDonhyuk ❤️
91.4%
ASTROMinhyuk ♡
91.4%
GOT7Jinyoung ♡
91.4%
SHINeeMinho
91%
NCTTaeil
90.9%
NCTYoonoh ♡
90.9%
NCTJaemin
90.9%
SeventeenMinghao
90.9%
iKONDonghyuk
90.4%
Stray KidsJeongin
90.4%
GOT7Yugyeom
90.4%
NCTDoyoung
89.3%
NCTChenle
89.3%
SeventeenSeungcheol ❤️
89.3%
GOT7Youngjae
89.3%
SHINeeKey
89%
NCTRenjun
88.8%
SeventeenJoshua
88.8%
SeventeenSoonyoung ♡
88.8%
SeventeenJihoon ♡
88.8%
SeventeenSeokmin ♡
88.8%
Red VelvetWendy
88.8%
Monsta XMinhyuk
88.3%
Monsta XChangkyun ♡
88.3%
Big BangTaeyang
88.3%
BTOBMinhyuk
88.3%
SF9Taeyang ♡
88.3%
Hint Answer % Correct
TWICEMomo
88.3%
Red VelvetJuhyun
88.3%
NCTDejun ♡
87.8%
SeventeenHansol
87.8%
Monsta XHoseok ❤️
87.8%
Big BangSeunghyun ❤️
87.8%
Red VelvetSeulgi ❤️
87.8%
SHINeeJinki ♡
87.6%
SHINeeJonghyun ❤️
87.6%
NCTKun
87.3%
NCTJeno ♡
87.3%
NCTYangyang ❤️
87.3%
Monsta XHyunwoo
87.3%
TWICESana
87.3%
Super JuniorHeechul
87.3%
NCTHendery
86.8%
Red VelvetSooyoung ♡
86.8%
SeventeenWonwoo
86.3%
Stray KidsChangbin
86.3%
Red VelvetYerim ♡
86.3%
TWICEMina
86.3%
SeventeenSeungkwan
85.8%
iKONJiwon
85.8%
ASTRODongmin
85.8%
Stray KidsWoojin
85.8%
Stray KidsSeungmin
85.8%
EXOYifan
85.3%
SeventeenJeonghan
85.3%
SeventeenMingyu ♡
85.3%
EXOLuhan
84.8%
EXOZitao
84.8%
Stray KidsHyunjin ♡
84.8%
NCTJungwoo
83.8%
PentagonHoetaek
82.7%
Monsta XKihyun ♡
82.7%
Monsta XHyungwon
82.7%
Big BangSeungri
82.7%
TWICEJihyo
82.7%
TWICETzuyu ♡
82.2%
Big BangDaesung
81.7%
TWICEDahyun ❤️
81.7%
iKONHanbin ❤️
81.2%
ATEEZHongjoong ♡
81.2%
ASTROSanha
80.7%
Monsta XJooheon
80.7%
ASTROJinwoo ♡
80.2%
ASTROBin ❤️
80.2%
ATEEZYunho
79.7%
ATEEZMingi
79.7%
ASTROMyungjun
79.7%
Super JuniorLeeteuk
79.7%
TWICENayeon
79.2%
TWICEChaeyoung
78.7%
Super JuniorShindong
78.7%
VixxWonshik ♡
77.2%
PentagonHyojong
77.2%
ATEEZWooyoung ❤️
76.8%
TVXQYunho ❤️
75.6%
ATEEZSeonghwa ♡
75.4%
VixxHakyeon ❤️
75.1%
VixxTaekwon ♡
75.1%
BTOBPeniel
75.1%
Super JuniorSiwon
75.1%
PentagonWooseok ♡
74.1%
X1Wooseok ♡
74.1%
TWICEJeongyeon
73.6%
ATEEZJongho
72.5%
PentagonYuto
72.1%
VixxJaehwan
71.6%
iKONJunhoe
71.1%
PentagonHyunggu ♡
70.6%
Super JuniorDonghae ♡
70.1%
Hint Answer % Correct
ATEEZYeosang
69.6%
InfiniteMyungsoo ♡
69%
Super JuniorEunhyuk ♡
69%
GFRIENDEunbi ❤️
68%
Super JuniorYesung ❤️
68%
iKONYunhyeong ♡
67%
iKONJinhwan ♡
67%
PentagonYanan
67%
GFRIENDEunbi
67%
SF9Seokwoo ❤️
66%
Super JuniorKyuhyun ♡
66%
Super JuniorRyeowook
65.5%
VixxSanghyuk
64.5%
BTOBSungjae
64.5%
TVXQChangmin ♡
64.5%
PentagonJinho
63.5%
VixxHongbin
62.9%
PentagonHongseok ❤️
62.9%
PentagonChanggu ♡
62.9%
SF9Chanhee ♡
62.9%
2PMWooyoung
62.4%
BTOBIlhoon
60.9%
GFRIENDYewon
60.4%
Super JuniorHenry
60.4%
BTOBEunkwang
59.9%
X1Junho
58.9%
2PMJunho ❤️
58.9%
BTOBChangsub ♡
58.9%
Super JuniorSungmin
57.9%
GFRIENDSojung
57.9%
GFRIENDYuna
57.4%
PentagonShinwon
56.3%
GFRIENDYerin ♡
56.3%
SF9Inseong
55.8%
SF9Zuho
55.8%
SF9Youngkyun
55.8%
2PMTaecyeon
54.8%
Super JuniorKangin
53.8%
2PMNichkhun
52.3%
BTOBHyunsik ❤️
52.3%
SF9Sanghyuk
50.8%
SF9Youngbin
48.2%
X1Dongpyo ♡
47.2%
2PMMinjun ♡
47.2%
X1Seungwoo
46.7%
InfiniteSunggyu ❤️
46.7%
SF9Jaeyoon
46.2%
InfiniteDongwoo
45.7%
X1Yohan ♡
45.2%
InfiniteSungyeol
43.1%
InfiniteHodong
43.1%
Super JuniorKibum
42.6%
InfiniteSungjong
41.6%
Super JuniorZhoumi
41.2%
InfiniteWoohyun ♡
41.1%
X1Hangyul
40.6%
2PMChansung
40.1%
X1Minhee
39.1%
X1Seungyoun ♡
38.6%
X1Hyeongjun ❤️
36.5%
X1Dohyon ♡
36.5%
X1Eunsang ♡
35.5%
TVXQJaejoong
34.5%
TVXQJunsu
32%
Super JuniorHangeng
29.4%
TVXQYoochun
27.9%
SS501Hyunjoong ❤️
20.3%
SS501Hyungjun
18.3%
SS501Youngsaeng
15.7%
SS501Kyujong ♡
15.7%
SS501Jungmin
14.7%

You're not logged in!

Compare scores with friends on all Sporcle quizzes.
OR
Log In

From the Vault

Lego Christmas Characters

by t_rev19

If you've been naughty, maybe Krampus will leave Legos on your floor for you to step on.
Remove Ads.
Support Sporcle.
Get the best of Sporcle when you Go Orange. This ad-free experience offers more features, more stats, and more fun while also helping to support Sporcle. Thank you for becoming a member.

Show Comments

Extras

Top Quizzes Today


Score Distribution

Your Account Isn't Verified!

In order to create a playlist on Sporcle, you need to verify the email address you used during registration. Go to your Sporcle Settings to finish the process.

Report this User

Report this user for behavior that violates our Community Guidelines.

Details: